Music Quiz

Random Music or Lyrics Quiz

Figure out the Disney Song Lyrics Quiz Stats

 Plays Quiz not verified by Sporcle

Score 0/160 Timer 09:00
0 Plays Today
% Correct
and
98.8%
and
98.8%
and
98.8%
And
98.8%
and
98.8%
And
98.8%
and
98.8%
a
98.8%
And
98.8%
and
98.8%
a
98.8%
I
97.3%
I
97.3%
I
97.3%
I
97.3%
I
97.3%
You
84.7%
be,
84.3%
be?
84.3%
be
84.3%
be
84.3%
it
79.1%
it
79.1%
me
79.1%
he
77.4%
he
77.4%
we
77%
in
72.2%
She
71.2%
she
71.2%
so
71.1%
so
71.1%
No,
71.1%
no
71.1%
when
70.6%
on
70.1%
there
69.3%
There
69.3%
there
69.3%
there
69.3%
there
69.3%
there
69.3%
There
69.3%
there
69.3%
there
69.3%
see
66.6%
see.
66.6%
see
66.6%
who
65.9%
that
65.8%
that
65.8%
that
65.8%
that
65.8%
that
65.8%
% Correct
that
65.8%
that
65.8%
my
63.6%
my
63.6%
why
62.7%
can't
61.5%
could
61.4%
was
59.5%
was
59.5%
this
59.5%
this
59.5%
at
58.6%
at
58.6%
know,
57.8%
have
57.2%
have
57.2%
have
57.2%
have
57.2%
but
57.1%
But
57.1%
but
57.1%
then
55.2%
now
52.8%
never
51.7%
something
51.4%
something
51.4%
something
51.4%
something
51.4%
something
51.4%
before.
51.3%
before.
51.3%
before.
51.3%
before.
51.3%
before.
51.3%
There's
50.3%
there's
50.3%
there's
50.3%
just
49.9%
ever
49.6%
way,
49.3%
way
49.3%
I'll
49.2%
It's
49.2%
him
49.1%
he's
48%
he's
48%
didn't
47.2%
didn't
47.2%
didn't
47.2%
kind,
46.5%
wasn't
46%
wasn't
46%
wasn't
46%
thought
45.6%
% Correct
thought
45.6%
thought?
45.6%
looked
44.5%
mean,
44.1%
their
44%
saw,
44%
Prince
43.9%
sweet
43.6%
she's
42.7%
True
42.4%
Well,
42.3%
Well,
42.3%
Well,
42.3%
Well,
42.3%
We'll
42.3%
almost
42.3%
unrefined.
42%
Charming,
41.8%
New
41.3%
paw.
41%
may
40%
may
40%
bit
39.5%
touched
39.4%
wonder
38.7%
alarming,
38.7%
more,
38.7%
shudder
38.4%
come
37.5%
Who'd
37.3%
who'd
37.3%
who'd
37.3%
who'd
37.3%
wait
36.4%
unsure.
35.7%
glanced
35.7%
coarse
35.6%
own?
35.4%
dear,
35%
together
34.3%
simply
34.1%
ignore,
33.6%
soul.
31.9%
days
31.7%
known?
31.5%
bless
31.5%
they'd
31.4%
guessed
31.3%
few
31.1%
indeed?
27.1%
peculiar.
24.3%
perhaps
21.5%

You're not logged in!

Compare scores with friends on all Sporcle quizzes.
OR
Log In

Show Comments

Extras

Top Quizzes Today


Score Distribution

Your Account Isn't Verified!

In order to create a playlist on Sporcle, you need to verify the email address you used during registration. Go to your Sporcle Settings to finish the process.

Report this User

Report this user for behavior that violates our Community Guidelines.

Details: